Public-private partnership a Slovensko
Gespeichert in:
| Weitere Verfasser: | |
|---|---|
| Format: | Buch |
| Sprache: | Slowakisch |
| Veröffentlicht: |
Žilina
MUNICIPALIA
2006
|
| Schriftenreihe: | Samosprávne riešenia
|
| Schlagworte: | |
| Tags: |
Keine Tags, Fügen Sie das erste Tag hinzu!
|
MARC
| LEADER | 00000nam$a2200000$$$4500 | ||
|---|---|---|---|
| 001 | 0042760 | ||
| 005 | 20240104135337.2 | ||
| 041 | 0 | |a slo | |
| 044 | |a SK | ||
| 245 | 1 | 0 | |a Public-private partnership a Slovensko |c [zodpovedný redaktor: Milan Ištván] |
| 264 | 1 | |a Žilina |b MUNICIPALIA |c 2006 | |
| 300 | |a 198 s. | ||
| 490 | 1 | |a Samosprávne riešenia | |
| 830 | 0 | |a Samosprávne riešenia | |
| 610 | 2 | 0 | |a partnerstvo verejno-súkromné |
| 610 | 2 | 0 | |a projekty |
| 610 | 2 | 0 | |a právo európske |
| 610 | 2 | 0 | |a Európska únia |
| 610 | 2 | 0 | |a sektor verejný |
| 610 | 2 | 0 | |a sektor súkromný |
| 610 | 2 | 0 | |a Dexia banka |
| 610 | 2 | 0 | |a Slovensko |
| 610 | 2 | 0 | |a Siemens Business Services |
| 700 | 1 | |a Ištván, Milan | |